| 000 | 01360nam2a2200253 4500 | ||
|---|---|---|---|
| 001 | rc\2975061 | ||
| 005 | 20260315061855.0 | ||
| 035 | _a(NLR Aleph) 007120806 | ||
| 090 |
_a13608577 _c13608577 |
||
| 100 | _a20110908d1938 u y0rusy50 ca | ||
| 101 | 0 | _arus | |
| 102 | _aRU | ||
| 105 | _ay z ||||| | ||
| 200 | 1 |
_aЭмбриология _eПрограмма и метод. указания для заочников. Фак-т естествознания педагог. ин-тов |
|
| 210 | _d1938 | ||
| 215 | _a24 с. | ||
| 300 | _aВ подстрочных прим.: "Автор метод. указаний С.И. Кулаев" | ||
| 461 | 0 |
_1001rc\2975019 _12001#$a[Программы]$eВып. 1-$fУпр. высш. школы НКП РСФСР, Науч.-метод. кабинет по заоч. обуч.$vВып. 85 _96860415 _aНаучно-методический кабинет по заочному обучению учителей (Москва) _c[Москва] _d1938 _fУправление высшей школы НКП РСФСР, Науч.-метод. кабинет по заочному обучению _nНаркомпрос РСФСР _t[Программы] _vВып. 85 |
|
| 701 | 1 |
_aКулаев _bС.И. |
|
| 801 | 0 |
_aRU _bNLR _gpsbo |
|
| 801 | 1 |
_aRU _bELAR _2rusmarc |
|
| 852 |
_aNLR _j37-18/278(85) |
||
| 942 | _cUNSPEC | ||
| 980 | _aNB | ||